000 01260nam a2200349Ia 4500
005 20220317000350.0
008 141031s2013 s 0 sga d s 0p
020 _a9788420676142
100 1 _aBécquer, Gustavo Adolfo
_d1836-1870
245 1 0 _aRimas
_cGustavo Adolfo Bécquer ; edición de Jesús Rubio Jiménez
250 _aSegunda edición
300 _a263 páginas
_c17 cm
490 _aEl libro de bolsillo Literatura española
500 _aIncluye estudio introductorio a la vida y obra del autor
504 _aIncluye bibliografía
600 1 4 _aBécquer, Gustavo Adolfo
_d1836-1870
_vPoesías
_916051
650 1 4 _2LEMB
_aPoesía española
_ySiglo XIX
650 1 4 _2LEMB
_aLiteratura española
_ySiglo XIX
650 1 4 _2LEMB
_aAmor en la literatura
650 1 4 _2LEMB
_aFelicidad en la literatura
650 1 4 _2LEMB
_aSoledad en la literatura
650 1 4 _2LEMB
_aSufrimiento en la literatura
650 1 4 _2LEMB
_aEmociones en la literatura
700 1 _a Rubio Jiménez, Jesús
_eeditor
_999599
942 _2loc
_cBKLIT
264 _aMadrid
_bAlianza
_c2013
336 _atexto
_btxt
_2rdacontent
337 _asin mediación
_bn
_2rdamedia
338 _avolumen
_bnc
_2rdacarrier
040 _aCO-BoRNBP
_bspa
_erda
_cCO-BoRNBP
084 _aP BEC3
999 _c3845
_d3845